000 00571nam a2200205 a 4500
001 6072
003 CO-ViMGA
008 141112s2004 ck r 000 u spa d
040 _aCO-ViMGA
_bspa
_cCO-ViMGA
082 0 4 _a813.54 S765a
100 1 _aStone, Irving
_94702
245 1 0 _aAbismos de gloria :
_bPissarro y los impresionistas
260 _aBuenos Aires :
_bEmece,
_c1986
300 _a535 p
490 _aGrandes novelistas
650 1 4 _aIMPRESIONISMO
650 1 4 _aNOVELA ESTADOUNIDENSE
_9761
650 1 4 _aPISARRO, CAMILLE 1830 - 1903
_94703
942 _2ddc
_cBK
999 _c18046
_d18046